| 000 | 00589nam a2200229Ia 4500 | ||
|---|---|---|---|
| 003 | OSt | ||
| 005 | 20220928140106.0 | ||
| 006 | a|||||r|||| 00| 0 | ||
| 007 | ta | ||
| 008 | 220927b |||||||| |||| 00| 0 eng d | ||
| 024 | _a6494 | ||
| 037 | _cTextual | ||
| 040 |
_aSDCL _cSDCL _beng |
||
| 041 |
_2eng _aeng |
||
| 082 | _aL:4:56:f3, N4 | ||
| 100 |
_aMalik Vedpal S _9493866 |
||
| 245 | 0 | _aAntibody techniques | |
| 260 | _c1994 | ||
| 700 |
_a Lillehoj Erik P _9493867 |
||
| 942 |
_hL:4:56:f3, N4 _cTEXL _2CC |
||
| 999 |
_c809725 _d809725 |
||